=LDR 00000nam 2200000 4500 =001 INLIS000000001052430 =005 20240829100418 =035 ##$$a 0010-0824000248 =007 ta =008 240829################b##########1###### =020 ##$$a 978-89-6509-659-7 =082 ##$$a 028.55 =084 ##$$a 028.55 JIS w =100 #$$a Jiseul Ham =245 1#$$a Wah, itu keren /$c Jiseul Ham =260 ##$$a Tongkeun World :$b Gyeonggi-do =300 ##$$a 27 hlm : $b ilus ; $c 22,5 x 27,2 cm =650 #4$$a Bacaan kanak-kanak =990 ##$$a 18191819